00426cam a22000977a 4500008004000000082002500040245017700065260004300242300001000285700003300295180718b1997 xxu||||| |||| 00| 0 eng d aI27x54 In2/1947-1997 aCouncil of ministers (1947-1997), names and portfolios of the members of the union council of ministers from 15 August, 1947 to 30 September, 1997cby Lok Sabha Secretariat aNew DelhibLok Sabha Secretariatc1997 a161p. aIndia. Lok Sabha Secretariat